00423nam a2200157Ia 4500008004100000020001800041082001600059100002800075245003600103250000800139260004100147300002800188500001900216600001500235650001500250240925s9999 xx 000 0 und d a9788131518717 a658.404 KLO aKloppenborg, J. Timothy 0aContemporary Project Management a2nd aNew Delhi:bCengage Learningc,2012. aix, 340p.bNAfOriginal aIncludes Index aManagement aManagement